000 00505nam a2200205Ia 4500
003 0100
008 130307s9999 xx 000 0 und d
040 _cARRUPELIB
050 _aBS1235.3.J36 1993
100 _aJanzen, Gerald J
245 _aAbraham and all the families of the earth
245 _bA commentary on the book of genesis 12-50
260 _bEerdmans publishing company
260 _c1993
300 _a215p.
300 _b21cm
650 _aBIBLE
650 _bShiism
942 0 0 _01
999 _c97057
_d97057